000 01294nmc a2200337 a 4500
003 AR-BaBNM
005 20251128205438.0
008 217119s1995 ||||||||||||||000 | spa||
020 _a84-8198-063-3
040 _cAR-BaBNM
100 1 _aGlasgow, Joyce
245 1 0 _aPrograma de introducción a la educación ambiental para maestros e inspectores de enseñanza primaria
260 _aBilbao
_bLos Libros de la Catarata
_bUnesco
_bDepartamento de Ordenación del Territorio, Vivienda y Medio Ambiente del Gobierno Vasco
_c1995
300 0 _a124 p.
_bdiagr., tablas
490 0 _aEducación ambiental
_vv. 5
500 0 _aEsta edición cuenta con el aval del Programa Internacional de Educación Ambiental Unesco-PNUMA
500 1 _aUNESCO: ORGANIZACION DE LAS NACIONES UNIDAS PARA LA EDUCACION, LA CIENCIA Y LA CULTURA
500 0 _aPNUMA: PROGRAMA DE LAS NACIONES UNIDAS PARA EL MEDIO AMBIENTE
504 _aBibliografía: p. 123
650 4 _aEDUCACION AMBIENTAL
650 4 _aEVOLUCION HISTORICA
650 4 _aINSPECTORES DE ESCUELAS
650 4 _aPROGRAMAS DE FORMACION
650 4 _aMEDIO AMBIENTE
653 0 _aEDUCACION PRIMARIA
653 0 _aTEMAS TRANSVERSALES
700 1 _aRobinson, Pansy
700 1 _aJacobson, Willard J.
942 _cBK
998 _csilvi
999 _c11428
_d11428